Financing African development / (Record no. 45607)
[ view plain ]
| 000 -LEADER | |
|---|---|
| fixed length control field | 00827nam a2200265 a 4500 |
| 001 - CONTROL NUMBER | |
| control field | 45607 |
| 003 - CONTROL NUMBER IDENTIFIER | |
| rucl marc code | BD-RjUL |
| 005 - DATE AND TIME OF LATEST TRANSACTION | |
| control field | 20211209054037.0 |
| 008 - FIXED-LENGTH DATA ELEMENTS--GENERAL INFORMATION | |
| fixed length control field | 160727r19661965maua b 001 0 eng |
| 035 ## - SYSTEM CONTROL NUMBER | |
| System control number | (BD-RjUL)45725 |
| System control number | (OCoLC)244873 |
| 040 ## - CATALOGING SOURCE | |
| Original cataloging agency | DLC |
| Transcribing agency | OSW |
| Modifying agency | OCoLC |
| -- | DLC |
| Language of cataloging | eng |
| 041 ## - LANGUAGE CODE | |
| Language code of text/sound track or separate title | eng |
| 082 ## - DEWEY DECIMAL CLASSIFICATION NUMBER | |
| Classification number | 338.96 |
| Author mark and year | FIN 1966 |
| 245 10 - TITLE STATEMENT | |
| Title | Financing African development / |
| Statement of responsibility, etc. | Edited by Tom J. Farer. |
| 260 ## - PUBLICATION, DISTRIBUTION, ETC. (IMPRINT) | |
| Place of publication, distribution, etc. | Cambridge, Mass. : |
| Name of publisher, distributor, etc. | M.I.T. Press, |
| Date of publication, distribution, etc. | c1965 [ Printing 1966] |
| 300 ## - PHYSICAL DESCRIPTION | |
| Pagination | viii, 245 p. : |
| Illustrations | ill. ; |
| Size | 24 cm. |
| 500 ## - GENERAL NOTE | |
| General note | Includes index |
| 650 #0 - SUBJECT ADDED ENTRY--TOPICAL TERM | |
| Topical term or geographic name as entry element | Finance |
| Geographic subdivision | Africa, Sub-Saharan. |
| 9 (RLIN) | 139613 |
| Topical term or geographic name as entry element | Finance |
| Geographic subdivision | Developing countries. |
| 9 (RLIN) | 133984 |
| 651 #0 - SUBJECT ADDED ENTRY--GEOGRAPHIC NAME | |
| Geographic name | Africa, Sub-Saharan |
| General subdivision | Economic policy. |
| 9 (RLIN) | 139614 |
| 700 ## - ADDED ENTRY--PERSONAL NAME | |
| Personal name | Farer, Tom J., editor |
| 942 ## - ADDED ENTRY ELEMENTS (KOHA) | |
| Source of classification or shelving scheme | Dewey Decimal Classification |
| Koha item type | Books |
| Lost status | Source of classification or shelving scheme | Damaged status | Not for loan | Collection code | Permanent Location | Current Location | Shelving location | Date acquired | Source of acquisition | Cost, normal purchase price | Total Checkouts | Full call number | Date last seen | Copy number | Koha item type |
|---|---|---|---|---|---|---|---|---|---|---|---|---|---|---|---|
| Dewey Decimal Classification | Non-fiction | Central Library, University of Rajshahi | Central Library, University of Rajshahi | 29/04/1969 | Book centre | 30.00 | 338.96 FIN 1966 | 27/07/2016 | C-2 | Books |